000 00323nam a2200133Ia 4500
008 190216s9999||||xx |||||||||||||| ||und||
100 _aKettle. S.F.A
245 0 _aCoordination Compounds
250 _a1st Ed.
260 _bThe English Language Books
_c1969
300 _a220
650 _aChemistry-Chemistry
942 _cBK
999 _c2219
_d2219